Mixed Corporate Logos Quiz Stats

 Plays Quiz Updated Aug 8, 2016

Challenge
Share
Tweet
Score 0/20 Timer 08:00
18 Plays Today
% Correct
LG Electronics and Pepsi
92.7%
Adidas and Nike
92%
MasterCard and McDonald's
86.5%
Burger King and Wendy's
80.5%
NASA and Red Bull
76.8%
Krispy Kreme and Starbucks
75.6%
Domino's and Pinterest
75.3%
Ferrari and Snapchat
73.4%
Skype and Twitter
71.5%
Apple and Rolex
71.4%
% Correct
Dunkin' Donuts and Microsoft
68%
CBS and Mozilla Firefox
65.2%
Amazon and Penguin Books
63.3%
Nickelodeon and Rockstar Games
51.9%
Facebook and Linkedin
50.7%
Cisco Systems and NBC
47.5%
Android and Spotify
36.9%
Bentley and Lamborghini
25.9%
General Electric and Target
25.9%
Fanta and Timberland
14.8%

You're not logged in!

Compare scores with friends on all Sporcle quizzes.
Join for Free
OR
Log In

You Might Also Like...

Show Comments

Extras

Top Quizzes Today


Score Distribution

Your Account Isn't Verified!

In order to create a playlist on Sporcle, you need to verify the email address you used during registration. Go to your Sporcle Settings to finish the process.

Report this User

Report this user for behavior that violates our Community Guidelines.

Details: